El club mas ganador de liga de cada país Hispano - Estadísticas

Estadísticas generales
  • Esta prueba ha sido intentada 133 veces
  • La puntuación promedio es 7 de 12
Estadísticas de respuestas
Paises e información Respuesta % Correcto
ArgentinaEs el club con mas campeonatos de liga de su pais, con un total de 38 titulos de liga este club disputa el Superclásico del futbol argentino junto con Boca Juniors para disputarse quien es el mas grande de Argentina y posiblemente de Sudamerica. River Plate
97%
ChileEs el club mas ganador de Chile, teniendo un total de 33 titluos de la liga chilena, este club disputa el clásico mas importante de su pais siendo el Clásico del futbol chileno que lo disputa contra la Universidad de Chile, siendo los dos equipos mas populares del país, ademas este club se caracteriza por ser el unico equipo de Chile en ganar una Libertadores. Colo Colo
83%
UruguayEs el club con mas titulos del Campeonato Uruguayo con un total de 51 titulos, aunque esta parejo con su acérrimo rival el Nacional de Football, disputa el clasico mas importante de su pais con el equipo mencionado, el clasico se domina el Súperclásico del fútbol uruguayo. Otra pista es que es el equipo uruguayo con mas Copa Libertadores. Peñarol
78%
ColombiaEs el equipo con mas campeonatos de liga de Colombia con un total de 17 titulos, pero esta muy parejo con otros equipos como Millonarios con 16 y América de Cali con 15. Este club es el ultimo equipo colombiano en ganar la Libertadores en 2016, ademas siendo el mas ganador de esta competencia. Atlético Nacional
74%
EcuadorEs el club ecuatoriano con mas titulos de la Seria A de Ecuador, con un total de 16 titulos de esta competencia, pero hay que recalcar que no ha homogenizado la liga de su pais, ya que es parejo con otros equipos grandes como Emelec con 14, El Nacional con 13 y Liga de Quito con 11. Ademas este equipo aporta un escudo y el nombre muy similar a un equipo grande de España. Barcelona
72%
BoliviaEs el club con mas campeonatos de la Primera Division de Boliva con un total de 30 titulos de liga, este club tambien se caracteriza por ser el primer campeón de la liga boliviana en 1950. Bolívar
71%
HondurasEs el club mas ganador de la Liga Nacional de Fútbol de Honduras, con un total de 36 titulos de liga teniendo el doble del segundo lugar. Aparte es el unico equipo hondureño en ganar y dos veces la Liga de Campeones de la Concacaf osea la Concachampions. Olimpia
67%
ParaguayEs el club mas ganador de la Primera División de Paraguay con un total de 46 titulos de liga, disputa el clasico mas importante de su pais con Cerro Porteño, ademas es el unico equipo paraguayo en ganar la Libertadores y no solo uno sino 3 titulos de la Copa Libertadores. Olimpia
67%
MéxicoEs el equipo mas ganador de la Primera División de México con un total de 13 titulos, aun que el segundo lugar que es el Club rival Guadalajara tiene 12, tambien es el equipo mas ganador de Copa y Liga de Campeones de la Concacaf. Ademas disputa el clasico mas importante y popular de Mexico nominado como Clásico de Clásicos. Club América
46%
Costa RicaEs el club con mas titulos de la Primera Division de Costa Rica con un total de 38 titulos de liga, este equipo disputa el clásico mas importante del pais centroamericano con Alajuelense. Ademas es el ultimo equipo de Centroamérica en ganar la Concachampions en 2005 contra Pumas de la UNAM y alaves ser el equipo centroamericano en tener mas titulos de esta competencia. Deportivo Saprissa
27%
GuatemalaEn Guatemala hay dos equipos que tienen los mismos titulos de liga de su país, ambos empatados con 31, ademas de que estos dos juegan el clasico mas importante de Guatemala y han homogenizado la liga de guatemala ya que ambos aportan mas de la mitad de campeonatos de la liga guatemalteca. Ademas estos dos tienen por lo menos un titulo de la Concachampions. Comunicaciones / Municipal
24%
Perú Es el club con mas titulos de la Primera División de Perú con un total de 27 titulos de liga, ademas disputa el clásico mas importante de Perú con Alianza de Lima. Universitario de Deportes
24%
No se encontraron pruebas coincidentes
Distribución de puntuación
Porcentaje de gente con cada puntuación
Porcentaje por número respondido
Historial de tus puntuaciones
No has intentado esta prueba.